| 000 | 00513nam a2200169 a 4500 | ||
|---|---|---|---|
| 001 | 1759 | ||
| 005 | 20140414131908.0 | ||
| 008 | 001218s19uu xx 00 eng d | ||
| 020 | _a1-85534-593-5 | ||
| 050 |
_aER _bB96 1994 |
||
| 100 | _aHamilton, Judy | ||
| 245 |
_aBusy little red hen, The / _cretold Judy Hamilton ; illustrated by R. James Binnie. |
||
| 260 |
_aNew Lanark, Scotland : _bGeddes & Grosset, _c1994. |
||
| 300 | _a23 p. : ill. ; cm. | ||
| 650 | _aChildren's stories - Fiction. | ||
| 999 |
_c111060 _d111060 |
||